000 00901nam a2200289 i 4500
003 EG-GICUC
005 20260408211555.0
008 260408s1906 ua a|||fr|||| 00| 0 eng d
040 _aEG-GiCUC
_beng
_cEG-GiCUC
_dEG-GiCUC
_erda
082 0 4 _221
_a343.81
_bMI . P
092 0 4 _221
099 _aLaw1 10 343.81 MI . P 1906
110 _kMinistry of the Interior
_eAuthor.
245 1 0 _aPolice Regulations /
_cMinistry of the Interior.
264 1 _aCairo :
_bNational Printing Department,
_c1906.
300 _a560 pages :
_billustrations,
_c24 cm.
336 _2rda content
_atext
337 _2rda media
_aComputer
338 _2rda carrier
_aOnline Resource
500 _aIndex
650 1 _aPolice Scientifique
_2qrmak
650 1 _aDroit De Panél
_2qrmak
651 1 _2qrmak
856 4 0 _uhttps://fll.law.cu.edu.eg/fulltext/bks/B10-08642.pdf
905 _a54
942 _2ddc
_cBK
_e21
_n0
999 _c69788
_d69788